| 000 | 00440cam a22001337a 4500 | ||
|---|---|---|---|
| 008 | 180718b2001 xxu||||| |||| 00| 0 eng d | ||
| 082 | _aA81x54 01/20/PAP1/01 | ||
| 100 | _aCensus of India 2001 | ||
| 245 | _aWest Bengal: provisional population totals | ||
| 260 |
_aDelhi _bThe Controller of Publications _c2001 |
||
| 300 | _a126+p. | ||
| 440 | _aCensus of India 2001. Series-20, West Bengal. Paper-1 of 2001 | ||
| 650 | _aWest Bengal - Census | ||
| 999 |
_c491108 _d491108 |
||